000 00783nam a22002777a 4500
001 9313
003 FISKH
005 20260116124832.0
008 251210b cb ||||| |||| 00| 0 eng d
020 _a9780439847360
040 _aFISKH
_beng
_cFISKH
_dFISKH
050 _aPZ7
100 _aEvans , Lynette
245 _aMaster builders /
_cby Lynettes : Illustrated by Spike Wademan
260 _aNew York :
_bScholastic ,
_c2006.
300 _a24 pages :
_bcolor illustrations ;
_c15 X 19 cm .
490 _aBrain Bank
505 _aU
521 8 _a840
_bLexile
521 8 _aU
_bRaz-Plus
650 _aHistory
_vNon-fiction
650 _asocial studies
_vNon-fiction
700 _aWademan , Spike
_eIllustrator
942 _2ddc
_cBK
_n0
999 _c9313
_d9313